| 000 | 00356nam a22001457a 4500 | ||
|---|---|---|---|
| 003 | OSt | ||
| 005 | 20211231112124.0 | ||
| 008 | 211231b |||||||| |||| 00| 0 eng d | ||
| 020 | _a0195111621 | ||
| 040 | _cHU | ||
| 082 | _a006.32 | ||
| 100 |
_aPerlovsky _926603 |
||
| 245 | _aNeural Networks & Intellect Using Model Based Concepts | ||
| 942 |
_2ddc _cBOOKS _n0 |
||
| 999 |
_c25527 _d25527 |
||